00821naa#a2200169#i#4500001001600000005001700016011001400033100004100047102000700088200012100095210020100216215001000417608004500427675010000472700005200572856002700624RU\\bibl\12683820260701153910.3##a2782-4926##a20260630b2026####ek#y0rusy0150####ca##aRU1#aО РАЗДЕЛЕНИИ АБСТРАКТНОГО ИСКУССТВА НА ВИДЫeЖурнальная статья1#aКрасноярскcКрасноярская региональная общественная организация Содружество просветителей Красноярьяd2026##a3 с.##aЖурнальная статья2local##aАбстрактное искусство. Беспредметное искусство. 7.038#1aПоповаgНаталья Сергеевна4#aasiaetother-journal.ru